| 000 | 02413cam a22004814i 4500 | ||
|---|---|---|---|
| 003 | PE-LiUPU | ||
| 005 | 20250731180115.0 | ||
| 008 | 150623s1998 pe a rb 000 0 sp d | ||
| 035 | _a(Sirsi) a24787 | ||
| 040 |
_aPE-LiUPU _bspa _cPE-LiUPU _erda |
||
| 082 | 0 | 4 |
_a515.352 _bE86 _221 |
| 100 | 1 |
_aEspinoza Ramos, Eduardo, _d1946-, _eautor. |
|
| 245 | 1 | 0 |
_aEjercicios y problemas de ecuaciones diferenciales ordinarias : _bsolucionario de G. Makarenko / _cEduardo Espinoza Ramos. |
| 264 | 1 |
_aLima, Perú : _bEduardo Espinoza, _c1998. |
|
| 300 |
_a514 páginas : _bilustraciones, gráficos ; _c21 cm. |
||
| 336 |
_atext _2rdacontent |
||
| 337 |
_aunmediated _2rdamedia |
||
| 338 |
_avolume _2rdacarrier |
||
| 504 | _aIncluye bibliografía. | ||
| 505 | 0 | _aConceptos fundamentales. -Ejercicios de verificación. -Ecuación con variable separable y ecuaciones reducibles a ellas. - Ecuaciones homogéneas y reducibles a ellas. -Ecuaciones lineales de primer orden y ecuación de Bernoulli. -Ecuaciones diferenciales de primer orden no resueltas con respecto a la derivada. -Ecuación de Lagrange y Clairout. -Composición de las ecuaciones diferenciales de las familias de curvas, problemas de trayectorias. -Soluciones singulares. -Ecuación diferencial de orden superior, reducción del orden de la ecuación. -Reducción del orden de la ecuación. -Ecuaciones diferenciales lineales de orden n. -Ecuaciones lineales homogéneas de coeficientes constantes. -Ecuaciones lineales no homogéneas de coeficientes constantes. -Ecuación de Euler. -Transformadas de Laplace.. | |
| 526 | _aSEG44 | ||
| 526 | _aSEG26 | ||
| 526 | _aP159 | ||
| 526 | _aP155 | ||
| 526 | _aP154 | ||
| 526 | _aP153 | ||
| 526 | _aP150 | ||
| 526 | _aP100 | ||
| 526 | _aP31 | ||
| 526 | _aP30 | ||
| 526 | _aP26 | ||
| 526 | _aP25 | ||
| 526 | _aP24 | ||
| 526 | _aP22 | ||
| 526 | _aP15 | ||
| 526 | _aP10 | ||
| 650 | 0 | 4 |
_aEcuaciones diferenciales ordinarias _xProblemas, ejercicios, etc. |
| 942 |
_2ddc _cBOOK |
||
| 949 |
_a515.352 E86 _wDEWEY _c1 _i49175 _lCCODEBUL1 _mBUL _p00.00 _r0 _sY _tBOOK _u2015-06-24 _xINGENIERIA _zUNKNOWN _0COMPRA _o.STAFF. Colección General |
||
| 596 | _a1 | ||
| 999 |
_a515.352 E86 _wDEWEY _c28316 _i49175 _d28316 _e2019-6-14 _f2021-11-9 _g7 _lCCODEBUL1 _mBUL _n15 _p35.00 _q2 _r0 _sY _tBOOK _u2015-6-24 _xINGENIERIA _zUNKNOWN _0COMPRA _o.STAFF. Colección General |
||
| 980 |
_81 _gALBERTO SANCHEZ Responsable de Automatización |
||